Statistics for Samara Metro Russia - All Stations

Click here to take the quiz!

General Stats

  • This quiz has been taken 12 times
  • The average score is 8 of 10

Answer Stats

Answer% Correct
Alabinskaya
90%
Moskovskaya
90%
Gagarinskaya
80%
Kirovskaya
80%
Pobeda
80%
Rossiyskaya
80%
Yungorodok
80%
Sovetskaya
70%
Sportivnaya
70%
Bezymyanka
60%

Score Distribution

Percentile by Number Answered

Percent of People with Each Score

Your Score History

You have not taken this quiz